|
|
|
|
| LEADER |
01260nab a2200265 i 4500 |
| 001 |
misc64436 |
| 005 |
20231018110048.0 |
| 008 |
230608s1964 hu o 0|| ger d |
| 040 |
|
|
|a SZTE Miscellanea Repozitórium
|b hun
|
| 041 |
|
|
|a ger
|
| 100 |
1 |
|
|a Rypka Jan
|
| 245 |
1 |
0 |
|a Ananiasz Zajączkowski, Najstarsza wersja turecka Husräv u Šīrīn Quṭba (= La plus ancienne version Turque du Ḥusräv u Šīrīn de Quṭb). Cześć 3. Słownik. Warszawa
|h [elektronikus dokumentum] :
|b Panstwowe Wydawnictwo Naukowe, 1961 : Buchbesprechung /
|c Rypka Jan
|
| 260 |
|
|
|a [Akademie Verlag]
|b [Berlin]
|c 1964
|
| 300 |
|
|
|a 65-68
|c 30 cm
|
| 300 |
|
|
|a [4] h.
|c 30 cm
|
| 490 |
0 |
|
|a Orientalistische Literaturzeitung : Monatschrift für die Wissenschaft vom ganzen Orient und seinen Beziehungen zu den angrenzenden Kulturkreisen
|
| 561 |
|
|
|a Németh Gyula hagyaték
|
| 591 |
|
|
|a NOA 4985; LOA 3313
|
| 650 |
|
4 |
|a Bölcsészettudományok
|
| 650 |
|
4 |
|a Nyelvek és irodalom
|
| 695 |
|
|
|a Perzsa irodalom - költészet - 12. sz. - török fordítás, Török nyelvemlék - 14. sz. - horezmi
|
| 700 |
0 |
1 |
|a Zajączkowski Ananiasz
|
| 700 |
0 |
3 |
|a Nizámi Gandzsavi
|
| 700 |
0 |
3 |
|a Kutb
|
| 856 |
4 |
0 |
|u http://misc.bibl.u-szeged.hu/64436/1/4985_noa.pdf
|z Dokumentum-elérés
|